| 000 | 00565nam a22001817a 4500 | ||
|---|---|---|---|
| 003 | koha_MIRAKIL | ||
| 005 | 20250520153313.0 | ||
| 008 | 250520b tur||||| |||| 00| 0 tur d | ||
| 020 | _a9786256813977 | ||
| 040 |
_aTR-IsEVY _btur _cTR-IsEVY |
||
| 082 | _a363.7 CAN/Y | ||
| 100 | _aCanizales | ||
| 245 | 0 |
_aYeşil canavar / _cCanizales. |
|
| 260 |
_aİstanbul : _bYeni İnsan Yayınevi, _c2024. |
||
| 300 |
_a35 s. : _brenkli resimli ; _c29 cm. |
||
| 650 |
_aToplumsal Sorunlar. _vÇocuk Hikayeleri. _vGeri Dönüşüm. _vDoğa Farkındalığı. |
||
| 942 |
_2ddc _cBK |
||
| 999 |
_c22322 _d22322 |
||